Yüklüyor......
Book selection and physical bibliography
| Yazar: | |
|---|---|
| Materyal Türü: | Printed Book |
| Baskı/Yayın Bilgisi: |
London
Metropolitan Book
|
| LEADER | 00472nam a2200157 4500 | ||
|---|---|---|---|
| 020 | |c Rs | ||
| 082 | |a 025.21 CHA/BOO | ||
| 100 | |a Ajoy Mukhopadhyay | ||
| 245 | |a Book selection and physical bibliography |c Ajoy Mukhopadhyay | ||
| 250 | |||
| 260 | |a London |b Metropolitan Book | ||
| 500 | |||
| 700 | |||
| 942 | |c BK | ||
| 999 | |c 206706 |d 206706 | ||
| 952 | |0 0 |1 0 |4 0 |6 025_210000000000000_CHA_BOO |7 0 |9 220055 |a DLS |b DLS |d 2019-11-05 |g 0.00 |l 0 |o 025.21 CHA/BOO |p DLS795 |r 2019-11-05 |w 2019-11-05 |y BK | ||